ROH World Champions - Statistics

General Stats
  • This quiz has been taken 1,226 times
    334 since last reset
  • The average score is 20 of 33
Answer Stats
Title Reigns Last Won Champion % Correct
1 2003 Samoa Joe
90%
2 2024 Chris Jericho
85%
1 2005 CM Punk
85%
3 2017 Adam Cole
82%
1 2005 Bryan Danielson
82%
1 2017 Christopher Daniels
81%
1 2010 Tyler Black
78%
1 2012 Kevin Steen
77%
1 2002 Low Ki
77%
2 2022 Claudio Castagnoli
75%
1 2024 Mark Briscoe
73%
2 2014 Jay Briscoe
72%
1 2017 Cody
71%
2 2025 Bandido
68%
1 2010 Roderick Strong
68%
2 2018 Jay Lethal
67%
1 2016 Kyle O'Reilly
65%
1 2007 Nigel McGuinness
60%
1 2023 Eddie Kingston
56%
1 2014 Michael Elgin
55%
2 2009 Austin Aries
51%
2 2020 Rush
50%
1 2021 Jonathan Gresham
47%
1 2019 Matt Taven
47%
1 2002 Xavier
45%
1 2017 Dalton Castle
44%
1 2019 PCO
42%
1 2011 Eddie Edwards
41%
1 2006 Homicide
41%
1 2005 James Gibson
41%
1 2007 Takeshi Morishima
41%
1 2011 Davey Richards
40%
1 2009 Jerry Lynn
36%
No matching quizzes found
Score Distribution
Percent of People with Each Score
Percentile by Number Answered
Your Score History
You have not taken this quiz since the last reset